| 000 | 00510nam a2200145Ia 4500 | ||
|---|---|---|---|
| 008 | 220216s9999 xx 000 0 und d | ||
| 100 | _aVarkey J K | ||
| 245 | 0 | _aNatural rubber/epoxidised natural rubber/polyvinyl chloride ternary thermoset blends | |
| 260 |
_bProceedings of the International Conference on Rubbers Calcutta, December 12-14, 1997. V1. p136-145 _c1997 |
||
| 650 | _aEpoxidised natural rubber | ||
| 650 | _aNatural rubber | ||
| 650 | _aThermoset blends | ||
| 700 | _aMathew N M | ||
| 942 | _cJS | ||
| 999 |
_c63658 _d63658 |
||